000 03374nam0a2200361 4500
001 RU\NLR\BIBL_A\012814721
005 20220928185041.0
010 _a978-5-227-09726-2
_92000
021 _aRU
_bКН-П-22-017824
_9КН-П-22-1536
035 _a(NLR Aleph) 012814721
035 _a(RuMoRGB)011016832
090 _a13218951
_c13218951
100 _a20220609d2021 u y0rusy50 ca
101 0 _arus
102 _aRU
105 _aac z 000zd
181 0 _ai3
_baxxe
182 0 _an
200 1 _aЛюбовь в Серебряном веке
_eрадости и переживания, испытания и трагедии...
_eистории о музах и женах русских поэтов и писателей
_fЕлена Первушина
203 _aТекст
_bвизуальный
_cнепосредственный
210 _aМосква
_cЦентрполиграф
_d2021
215 _a444, [1] с.
_cил., портр.
_d21
320 _aБиблиогр.: с. 438-441
330 _aК моменту зарождения культуры Серебряного века стране только предстояло пережить Кровавое воскресенье и ужасы Первой мировой. Но предчувствие беды уже зрело. Было ясно, что прежняя жизнь продолжаться не может. И поэзия, музыка, живопись, как натянутые струны, резонировали с этой дрожью... Географические рамки Серебряного века узки - в основном это Москва и Петербург. Большинство поэтов и поэтесс были знакомы и стремились увидеться. И, разумеется, они писали друг другу стихи, и эти стихи лучше всего представляют эпоху. Поэтому они оказались так важны на переломе времен. Предыдущая эпоха - время "больших" романов Тургенева, Толстого. Теперь романисты уже не успевали за временем. Веку была необходима скорая помощь - стихи! Любовь и смерть - вечные темы для поэзии. Писать и читать о смерти тяжело, но, не помня об этой теме, нависшей над каждым домом, мы не поймем экзальтации людей Серебряного века и их стремления к иной жизни, в царство идей, где людей не преследуют искушения плоти. В Серебряном веке Музы часто сами творцы
333 _a16+
606 1 _aПисатели русские
_jБиографии
_z20 в.
_92425450
_3RU\NLR\AUTH\6601662536
675 _a821.161.1.09
_v4
686 1 _aШ5(2=Р)53-4
700 1 _7ca
_8rus
_aПервушина
_bЕ. В.
_cписательница, врач
_f1972-
_gЕлена Владимировна
_943598
_3RU\NLR\AUTH\7760668
942 _cBOOK
980 _aNB